Focus sur: Artemisia Lufkin - Harry Potter - Statistiques

Statistiques générales
  • Ce quiz a été pris 39 fois
  • Le résultat moyen est 4 sur 6
Statistiques - réponses
Informations recherchées Réponses % Correct
Ecole fréquentée Poudlard
97%
Maison fréquentée Poufsouffle
97%
Profession Ministre de la Magie
86%
Première mention Harry Potter et la Chambre des secrets
81%
Successeur Grogan Stump
17%
Prédécesseur Flagorneur Obsert
8%
Aucun quiz correspondant
Distribution des résultats
% des personnes avec chaque résultat
Percentile par nombre de réponses
Votre historique - résultats
Vous n’avez pas pris ce quiz